Deklaracja Persona Humana - o niektórych zagadnieniach etyki seksualnej. (Rekord nr 237107)

Szczegóły MARC
000 -LEADER
fixed length control field 00935nas a2200217 4500
001 - CONTROL NUMBER
control field aBSDPrz AM00
005 - DATE AND TIME OF LATEST TRANSACTION
control field 20241121100618.0
008 - FIXED-LENGTH DATA ELEMENTS--GENERAL INFORMATION
fixed length control field a++++++bsc1993d++++epl+f!!!!g!h+i!!!!j!l!n!o!p+q!r!spolt!u!
020 ## - INTERNATIONAL STANDARD BOOK NUMBER
International Standard Book Number 8385185038
040 ## - CATALOGING SOURCE
Original cataloging agency BSDPRZ
Transcribing agency BSDPRZ
041 1# - LANGUAGE CODE
Language code of text/sound track or separate title pol
Language code of original and/or intermediate translations of text ita
-- lat
245 00 - TITLE STATEMENT
Title Deklaracja Persona Humana - o niektórych zagadnieniach etyki seksualnej.
246 ## - VARYING FORM OF TITLE
Title proper/short title Deklaracja Persona Humana - o niektórych zagadnieniach etyki seksualnej
260 ## - PUBLICATION, DISTRIBUTION, ETC. (IMPRINT)
Place of publication, distribution, etc Wrocław :
Name of publisher, distributor, etc "Oficyna Współczesna" :
-- na zlec. Duszpasterstwa Rodzin Archidiecezji Poznańskiej,
Date of publication, distribution, etc 1993.
300 ## - PHYSICAL DESCRIPTION
Extent 16 str. ;
Dimensions 21 cm.
490 1# - SERIES STATEMENT
Series statement Rodzina Bogiem Silna. Dokumenty Kościoła
500 ## - GENERAL NOTE
General note Tł. z łac. i częśc. z wł. - Przedr. za Miesięcznikiem Kościelnym Archidiecezji Poznańskiej 1976 nr 6. - Opis wg okł.
650 #9 - SUBJECT ADDED ENTRY--TOPICAL TERM
Topical term or geographic name as entry element Etyka płciowa
General subdivision katolicyzm
830 #0 - SERIES ADDED ENTRY--UNIFORM TITLE
Uniform title Rodzina Bogiem Silna.
Name of part/section of a work Dokumenty Kościoła
942 ## - ADDED ENTRY ELEMENTS (KOHA)
Item type Książka
Koha issues (borrowed), all copies 1
Source of classification or shelving scheme Universal Decimal Classification
Egzemplarze
Ostatnio widziany Numer inwentarzowy Razem wypożyczeń Razem prolongat Full call number Kod kreskowy Date last borrowed Price effective from Koha item type Lost status Source of classification or shelving scheme Damaged status Not for loan Wycofany Home library Current library Shelving location Date acquired Numer kopii
13/05/2020 64 888 1 2 64 888 64 888 14/04/2018 27/03/2014 Książka   Dewey Decimal Classification       Biblioteka Wyższego Seminarium Duchownego w Przemyślu Biblioteka Wyższego Seminarium Duchownego w Przemyślu Magazyn Główny 27/03/2014  
02/10/2014 96 375     96 375 96 375   02/10/2014 Książka   Dewey Decimal Classification       Biblioteka Wyższego Seminarium Duchownego w Przemyślu Biblioteka Wyższego Seminarium Duchownego w Przemyślu Magazyn Główny 02/10/2014 2